LEADER 01068nam a2200265 i 4500 001 000000006180 003 CaOOAMICUS 005 20180830125438.0 008 180830s1883 fr u000 u und u 040 $aSeMil$bita 100 1 $aMichelet, Jules,$d<1798-1874>.$0(OLS)http://semarc/name/8915 245 10$aHistoire romaine :$brépublique /$cJ. Michelet. 250 $a6. éd. 260 $aParis :$bMichel Lévy frères,$c1883. 260 $aParis :$bCalmann-Lévy,$c1883. 300 $a2 v. ;$c19 cm. 500 $aLegati insieme i 2 vol. 650 4$aRoma antica - Storia.$0(OLS)http://semarc/subject/503 650 4$aRoma antica - Civiltà.$0(OLS)http://semarc/subject/4277 650 4$aRoma - Storia - 509-30 a.C.$0(OLS)http://semarc/subject/44701 774 0 $tTome 1.$g1$w()109024 774 0 $tTome 2.$g2$w()254782 996 $6245$aHistoire romaine :$brépublique$9(OLS)http://semarc/title/400971 996 $6260$aParis :$bCalmann-Lévy$9(OLS)http://semarc/publisher/30214 996 $6260$aParis :$bMichel Lévy frères$9(OLS)http://semarc/publisher/36634 LEADER 01057nam a2200241 i 4500 001 000000205310 003 CaOOAMICUS 005 20110819000000.0 008 110819s1979 it u000 u ita u 013 $a184047 040 $aSeMil$bita 100 1 $aCrespi, Pietro.$0(OLS)http://semarc/name/10857 245 10$aCapitale operaia :$bstorie di vita raccolte tra le fabbriche di Sesto San Giovanni /$cPietro Crespi. 260 $aMilano :$bJaca Book,$c1979. 300 $a370 p. ;$c23 cm. 490 0 $aDi fronte e attraverso ;$v51 500 $aContiene : Bibliografia. 650 4$aOperai - Sesto San Giovanni - Diari e memorie.$0(OLS)http://semarc/subject/27697 830 0$aDi fronte e attraverso ;$v51.$0(OLS)http://semarc/title/6486 850 $aSeMil 852 $aSeMil$W1$xVenegono$y1$m3U II 382$j155804$B155804$CSeMilBibl$Z2$F167151 $81 996 $6245$aCapitale operaia :$bstorie di vita raccolte tra le fabbriche di Sesto San Giovanni$9(OLS)http://semarc/title/297164 996 $6260$aMilano :$bJaca Book$9(OLS)http://semarc/publisher/29781